|
|
|
|
| LEADER |
00906nam a2200241 a 4500 |
| 001 |
000472794 |
| 003 |
CZ BrMZK |
| 005 |
20160609083216.0 |
| 008 |
000115s1999 mc f dmac d |
| 040 |
|
|
|a BOA001
|b cze
|
| 072 |
|
7 |
|a 80
|x Filologie
|2 Konspekt
|9 11
|
| 080 |
|
|
|a 80(495/498)+908(495/498)
|2 MRF
|
| 080 |
|
|
|a (048.8)
|2 MRF
|
| 100 |
1 |
|
|a Dorovský, Ivan,
|d 1935-2021
|7 jk01022745
|4 aut
|
| 245 |
1 |
0 |
|a Za nekoi metodološki prašańa na izučuvańeto na balkanskiot meguliteraturen centrizam :
|b poseben otpečatok /
|c Ivan Dorovski.
|
| 260 |
|
|
|a Skopje :
|b Makedonska akademija na naukite i umetnostite,
|c 1999
|
| 300 |
|
|
|a S. 123-135 ;
|c 24 cm
|
| 500 |
|
|
|a Souhrn angl.
|
| 650 |
0 |
7 |
|a balkanistika
|7 ph118735
|2 czenas
|
| 655 |
|
7 |
|a studie
|7 fd133597
|2 czenas
|
| 910 |
|
|
|a BOA001
|b M2-1071.887
|
| 990 |
|
|
|a BK
|
| 996 |
7 |
|
|b 2610113284
|c M2-1071.887
|l MZK
|r Sklad / do 24 hodin
|n 0
|p dar
|w 000472794
|u 000010
|a 1
|e BOA001
|j MZK50
|s A
|